Normal view
MARC view
Entry Topical Term
001 - CONTROL NUMBER
- control field: 10535
003 - CONTROL NUMBER IDENTIFIER
- control field: BD-RjUL
005 - DATE AND TIME OF LATEST TRANSACTION
- control field: 20231213152125.0
008 - FIXED-LENGTH DATA ELEMENTS
- fixed length control field: 231213|| aca||aabn | a|a d
040 ## - CATALOGING SOURCE
- Original cataloging agency: BD-RjUL
- Transcribing agency: BD-RjUL
150 ## - HEADING--TOPICAL TERM
- Topical term or geographic name entry element: Betel Vine
- General subdivision: Disease
670 ## - SOURCE DATA FOUND
- Source citation: Work cat.: (BD-RjUL)82471: TANJILA, NARGIS 10534, Morphological and Molecular Characterization of Sclerotium Rolfsll SACC. and Integrated Management of Foot Rot Disease of Betel Vine (PIPER BETLE L.) /, 2018